00306nam a22001097a 4500020001800000082001200018100002000030245007900050260003400129300001800163650001500181 a9788120340053 a658 CER aCerto S. Trevis aModern Management: Concepts and Skills / Certo S. TreviscCerto S. Trevis aIndia bPrentice-Hall c2012 a600 P. c30CM aManagement